00738 2200277 4500001002100000005001500021035002000036007000300056040001700059043000900076100008700085245003100172250001400203300003400217020001800251041001300269082001800282084001800300264003600318336001500354337001300369338001500382650003100397850001200428990002000440INLIS00000000106867820251022080017 a0010-1025000096ta aJKPNPNAbRDA aa-io aEdhy SutantatSISTEM INFORMASI MANAJEMENtEdhy SutantatSISTEM INFORMASI MANAJEMEN aSISTEM INFORMASI MANAJEMEN aCetakan I a320 Hlm :bIlustrasi ;c23 cm a979-3289-49-X aRDAbIND aEDH 658.403 S aEDH 658.403 S aYogyakarta :bGRAHA ILMU,c2003 2rdacontent 2rdamedia 2rdacarrier aSistem Informasi Manajemen aJKPNPNA a46768/SUMB/2025